| 000 | 00577nam a2200193 a 4500 | ||
|---|---|---|---|
| 001 | 2394 | ||
| 003 | CDMR | ||
| 005 | 20130613100002.0 | ||
| 008 | 130130s2001||||||||||||||||||||||||||||d | ||
| 020 | _a8493038458 | ||
| 040 |
_aCDMR _bcat _cCPC GIRONA |
||
| 100 | 1 |
_aBonet, Montse _91788 |
|
| 245 | 1 | 3 |
_aLa transformació de la ràdio local a Catalunya _c Montse Bonet _b: perspectives de futur |
| 260 | _bCol·legi de Periodistes de Catalunya | ||
| 260 |
_c2001 _bDiputació de Barcelona |
||
| 490 | 0 |
_aOnes i bits _v3 |
|
| 650 | 0 | 4 |
_93756 _aRàdio local _zCatalunya |
| 942 |
_cMON _2ddc |
||
| 999 |
_c2394 _d2394 |
||